| 000 | 01478cam a2200373 a 4500 | ||
|---|---|---|---|
| 001 | ebr10660305 | ||
| 003 | CaPaEBR | ||
| 006 | m u | ||
| 007 | cr cn||||||||| | ||
| 008 | 080922s2009 nyua sb 001 0 eng d | ||
| 010 | _z 2008041994 | ||
| 020 | _z160692219X (softcover) | ||
| 020 | _z9781606922194 (softcover) | ||
| 020 | _z9781608765294 (ebook) | ||
| 040 |
_aCaPaEBR _cCaPaEBR |
||
| 035 | _a(OCoLC)847650459 | ||
| 050 | 1 | 4 |
_aQD502 _b.M33 2009eb |
| 082 | 0 | 4 |
_a541/.394 _223 |
| 100 | 1 | _aMakitra, R. G. | |
| 245 | 1 | 0 |
_aLinear energy relationships to chemical kinetics _h[electronic resource] / _cR. G. Makitra, A. A. Turovsky and G. E. Zaikov. |
| 260 |
_aNew York : _bNova Science Publishers, _cc2009. |
||
| 300 |
_a80 p. : _bill. |
||
| 504 | _aIncludes bibliographical references (p. [67]-75) and index. | ||
| 533 |
_aElectronic reproduction. _bPalo Alto, Calif. : _cebrary, _d2013. _nAvailable via World Wide Web. _nAccess may be limited to ebrary affiliated libraries. |
||
| 650 | 0 | _aChemical kinetics. | |
| 650 | 0 | _aChemical reaction, Conditions and laws of. | |
| 650 | 0 | _aLinear free energy relationship. | |
| 650 | 0 | _aSolution (Chemistry) | |
| 655 | 7 |
_aElectronic books. _2local |
|
| 700 | 1 |
_aTurovskyi, A. A. _q(Anatolii Antonovych) |
|
| 700 | 1 | _aZaikov, Gennadii Efremovich. | |
| 710 | 2 | _aebrary, Inc. | |
| 856 | 4 | 0 |
_uhttp://site.ebrary.com/lib/rucke/Doc?id=10660305 _zAn electronic book accessible through the World Wide Web; click to view |
| 999 |
_c66690 _d66690 |
||